00872nam a22002417a 450000500170000001000130001702000220003003500130005203700160006504000120008108200160009310000250010924500810013426000600021527000470027530000260032250000200034865000250036865000330039394200250042699900190045195201600047020170124110052.0 aA-763488 c00.00a8175120045 aA-763488 bCen Lib/Ret aDPLbEN a658.81bMOR aMortell, Art 925655 aWorld class selling :cby Art Mortell bhow to turn adversity into success / aNew Delhi bGlobal Books & Subscription Services c1991 aI-22 west patel nagar bNew Delhi e110008 axi, 223p. :c21cm(Hb) aIncludes index  aCommunication 99469 aDevelop relationship 925656 2ddccENh658.81mMOR c129180d129180 04104070aLbLd2015-07-04eCen Lib/Retg0.00l0o658.81 MORpA-763488r2015-07-04 00:00:00t1v0.00w2015-07-04yENzW/d List No. 8134/17; dtd 20.2.2017